Psychology. / (Record no. 8358)

MARC details
000 -LEADER
fixed length control field 01322cam a2200289 a 4500
001 - CONTROL NUMBER
control field 11874763
003 - CONTROL NUMBER IDENTIFIER
control field OSt
005 - DATE AND TIME OF LATEST TRANSACTION
control field 20211221144055.0
008 - FIXED-LENGTH DATA ELEMENTS--GENERAL INFORMATION
fixed length control field 991221s2001 nyua b 001 0 eng
010 ## - LIBRARY OF CONGRESS CONTROL NUMBER
LC control number 99087968
020 ## - INTERNATIONAL STANDARD BOOK NUMBER
International Standard Book Number 9780716764281
020 ## - INTERNATIONAL STANDARD BOOK NUMBER
International Standard Book Number 0716764281
040 ## - CATALOGING SOURCE
Original cataloging agency DLC
Transcribing agency DLC
Modifying agency DLC
050 00 - LIBRARY OF CONGRESS CALL NUMBER
Classification number BF121.M94
082 00 - DEWEY DECIMAL CLASSIFICATION NUMBER
Classification number 150
Edition number 21
100 1# - MAIN ENTRY--PERSONAL NAME
Personal name Myers, David G.
245 10 - TITLE STATEMENT
Title Psychology. /
Statement of responsibility, etc. David G. Myers.
250 ## - EDITION STATEMENT
Edition statement 8th ed.
260 ## - PUBLICATION, DISTRIBUTION, ETC.
Place of publication, distribution, etc. New York :
Name of publisher, distributor, etc. Worth Publishers,
Date of publication, distribution, etc. 2007.
300 ## - PHYSICAL DESCRIPTION
Extent xxxvii, 772 + [various pagings] :
Other physical details ill. (some col.) ;
Dimensions 29 cm.
504 ## - BIBLIOGRAPHY, ETC. NOTE
Bibliography, etc. note Includes bibliographical references and indexes.
505 ## - FORMATTED CONTENTS NOTE
Formatted contents note Contents: Thinking critically with psychological science -- Neuroscience and behavior -- The Nature and nurture of behavior --The Developing person -- Sensation -- Perception --States of consciousness -- Learning -- Memory -- Thinking and language -- Intelligence -- Motivation and work -- Emotion -- Stress and health -- Personality -- Psychological disorders -- Therapy -- Social psychology -- Careers in Psychology --
650 #0 - SUBJECT ADDED ENTRY--TOPICAL TERM
Topical term or geographic name entry element Psychology.
906 ## - LOCAL DATA ELEMENT F, LDF (RLIN)
a 7
b cbc
c orignew
d 1
e ocip
f 19
g y-gencatlg
942 ## - ADDED ENTRY ELEMENTS (KOHA)
Source of classification or shelving scheme Library of Congress Classification
Koha item type Books
Holdings
Withdrawn status Lost status Source of classification or shelving scheme Damaged status Not for loan Home library Current library Shelving location Date acquired Full call number Barcode Date last seen Price effective from Koha item type
    Library of Congress Classification     WISCONSIN INTERNATIONAL UNIVERSITY COLLEGE, GHANA KUMASI LIBRARY WISCONSIN INTERNATIONAL UNIVERSITY COLLEGE, GHANA KUMASI LIBRARY General Stacks 25/10/2019 BF121.M94(8e) K/643/643/19 21/12/2021 21/12/2021 Books

If you have any concerns or questions; kindly contact the library


© Powered by WIUC ICT DIRECTORATE